000 00264nam a22001217a 4500
008 170619b xxu||||| |||| 00| 0 eng d
041 _aeng
080 _a32
100 _a20
101 _aSHP
245 _aINTERNATIONAL STUDIRS
_cANDERSON.SH
942 _2udc
_cBK
999 _c18109
_d18109